000 01129nas a2200337 4500
001 BR8401264
003 BR-BrBNA
005 20231205085827.0
007 ta
008 230509b bl.|||p| |||| 00| 00por d
040 _aBR-BrBNA
_bpor
_cBiblioteca Nacional de Agricultura
041 _a(Pt)
072 _aL72
100 1 _aSanturio, J.M.
100 1 _aMoreira, W.S.
100 1 _aFlores, M.L.
100 1 _aSouza, I.S. e
100 1 _aFigueiredo, A.L.M.
245 1 _aParasitas do estomago e intestino delgado de Felis catis domesticus em Santa Maria, Rio Grande do Sul [gato, verminose, Brasil]
246 1 _aStomach and intestine parasites in felis catis domesticus in Santa Maria, Rio Grande do Sul [cat, verminosis, Brazil]
650 _aGATO
650 _aVERMINOSE
650 _aPARASITO DE ANIMAL
650 _aESTOMAGO
650 _aINTESTINO
650 _aSANTA MARIA
650 _aRIO GRANDE DO SUL
773 0 _tRevista do Centro de Ciencias Rurais (Brazil)
_xISSN 0085-5901
_g(Apr 1983), v. 13(2-3) p. 181-185
_wBR8401264
909 _a202311
_bLúcia
_c55
_dLúcia Elande
942 _2AGRIS
_n0
_cANA
999 _c114101
_d114101